Library Banner

The state during the British Raj : (Record no. 114532)

MARC details
000 -LEADER
fixed length control field 00543cam a22001815i 4500
001 - CONTROL NUMBER
control field 21123790
005 - DATE AND TIME OF LATEST TRANSACTION
control field 20191108100041.0
008 - FIXED-LENGTH DATA ELEMENTS--GENERAL INFORMATION
fixed length control field 190808s2018 pk b 001 0 eng
020 ## - INTERNATIONAL STANDARD BOOK NUMBER
International Standard Book Number 9780199408535
040 ## - CATALOGING SOURCE
Transcribing agency PK-LaUMT
082 ## - DEWEY DECIMAL CLASSIFICATION NUMBER
Classification number 954.03
Item number ILH-S
100 1# - MAIN ENTRY--PERSONAL NAME
Personal name Niaz, Ilhan
245 14 - TITLE STATEMENT
Title The state during the British Raj :
Remainder of title imperial government in South Asia, 1700-1947 /
Statement of responsibility, etc by Ilhan Niaz
260 ## - PUBLICATION, DISTRIBUTION, ETC. (IMPRINT)
Place of publication, distribution, etc Karachi :
Name of publisher, distributor, etc Oxford University Press,
Date of publication, distribution, etc 2019
300 ## - PHYSICAL DESCRIPTION
Extent xiii, 312 p. ;
Dimensions 24 cm
650 #0 - SUBJECT ADDED ENTRY--TOPICAL TERM
Topical term or geographic name as entry element British
Geographic subdivision India
General subdivision History.
942 ## - ADDED ENTRY ELEMENTS (KOHA)
Koha item type Books
Holdings
Withdrawn status Lost status Damaged status Home library Current library Date acquired Full call number Barcode Date last seen Price effective from Koha item type
      UMT Main Campus UMT Main Campus 2019-11-08 954.03 ILH-S 132443 2024-03-12 2019-11-08 Books